[Event "Gibtelecom Masters"]
[Site "Gibraltar"]
[Date "2007.01.24"]
[Round "2.79"]
[White "Sharp, Dale"]
[Black "Barclay, Richard"]
[Result "1-0"]
[WhiteElo "2085"]
[BlackElo "1300"]
[PlyCount "89"]
[EventDate "2007.??.??"]

1. e4 d5 2. exd5 Qxd5 3. Nc3 Qd6 4. Nf3 Nf6 5. d4 c6 6. g3 Bg4 7. Bg2 e6 8. O-O
Be7 9. Bf4 Qb4 10. Qd2 Bxf3 11. Bxf3 Nbd7 12. a3 Qa5 13. Rad1 O-O 14. Nd5 Qd8
15. Nxe7+ Qxe7 16. c4 Rfc8 17. Rfe1 Qf8 18. Qc3 Qd8 19. Kg2 a5 20. b3 Ra6 21.
Qd3 Qf8 22. a4 Qb4 23. c5 Nxc5 24. dxc5 Qxc5 25. Bd6 Qa7 26. Be5 Nd5 27. Qe4
Qc5 28. Qg4 Qf8 29. Bd4 Raa8 30. h4 Rd8 31. Rc1 Rd7 32. h5 f5 33. Qh4 Qf7 34.
Bc5 Re8 35. Re5 Qf6 36. Qxf6 gxf6 37. Re2 e5 38. h6 e4 39. Bh5 Rb8 40. f3 b6
41. Bg1 exf3+ 42. Kxf3 Ne7 43. Rce1 Kf8 44. Re6 Nd5 45. Re8+ 1-0

[Event "Gibtelecom Masters"]
[Site "Gibraltar"]
[Date "2007.01.24"]
[Round "2.80"]
[White "Perez Tellez, Jesus"]
[Black "Hickman, John"]
[Result "0-1"]
[WhiteElo "1300"]
[BlackElo "2052"]
[PlyCount "36"]
[EventDate "2007.??.??"]

1. d4 d6 2. c4 e5 3. dxe5 dxe5 4. Qxd8+ Kxd8 5. e4 Be6 6. Nf3 f6 7. Bd2 a5 8.
Nc3 c6 9. Be2 Nd7 10. O-O Kc7 11. Be3 Bc5 12. Bxc5 Nxc5 13. b3 Nh6 14. h3 Nf7
15. Rfd1 Nd6 16. Bd3 Bf7 17. Nh4 Rad8 18. Nf5 Nxf5 0-1

[Event "Gibtelecom Masters"]
[Site "Gibraltar"]
[Date "2007.01.24"]
[Round "2.81"]
[White "Van Kemenade, Rudi"]
[Black "Garcia Lechugo, Francisco"]
[Result "1-0"]
[WhiteElo "2048"]
[BlackElo "1300"]
[PlyCount "53"]
[EventDate "2007.??.??"]

1. e4 e6 2. d4 b6 3. a3 Bb7 4. d5 Nf6 5. Nc3 exd5 6. exd5 Be7 7. Nf3 O-O 8. Be2
Re8 9. O-O Na6 10. b4 Qb8 11. Bf4 Nh5 12. Be3 c6 13. Nd4 Nf4 14. Bc4 Qe5 15.
Qd2 Bd6 16. Nf3 Qf5 17. dxc6 Qg6 18. Nh4 Qf6 19. cxb7 Rab8 20. g3 g5 21. Bd4
Qh6 22. Nd5 Nxd5 23. Bxd5 Qh5 24. Nf5 Bc7 25. Ng7 Qg6 26. Nxe8 Bd8 27. Be5 1-0

[Event "Gibtelecom Masters"]
[Site "Gibraltar"]
[Date "2007.01.24"]
[Round "2.82"]
[White "Dimitrijevic, Dragan"]
[Black "Millward, Kevin"]
[Result "1-0"]
[WhiteElo "2037"]
[BlackElo "1300"]
[PlyCount "74"]
[EventDate "2007.??.??"]

1. e4 e6 2. Nf3 d5 3. e5 c5 4. d4 Nc6 5. a3 Nxd4 6. Nxd4 cxd4 7. Qxd4 Ne7 8.
Bf4 Qc7 9. Bd3 Bd7 10. O-O Ng6 11. b4 Nxf4 12. Qxf4 f6 13. Re1 fxe5 14. Qxe5
Qxe5 15. Rxe5 Be7 16. Rh5 Bf6 17. Ra2 g6 18. Rh6 O-O 19. Rh3 e5 20. Re3 e4 21.
Bf1 Bd4 22. Re2 Rxf2 23. Rxf2 Rf8 24. c3 Rxf2 25. Rxf2 Bb6 26. Be2 Bf5 27. Kf1
Bxf2 28. Kxf2 e3+ 29. Kxe3 Bxb1 30. Bf3 b6 31. Kd4 Kf8 32. Kxd5 Ke7 33. Kc6 Bd3
34. Kb7 Ke6 35. a4 Bc2 36. Bc6 Bd3 37. a5 g5 {(remaining moves illegible)} 1-0

[Event "Gibtelecom Masters"]
[Site "Gibraltar"]
[Date "2007.01.24"]
[Round "2.83"]
[White "McGrane, Stephen"]
[Black "Pollo Mancilla, Ricardo"]
[Result "1-0"]
[WhiteElo "2031"]
[BlackElo "1300"]
[PlyCount "49"]
[EventDate "2007.??.??"]

1. e4 e6 2. d4 d5 3. Nc3 Bb4 4. e5 c5 5. a3 Bxc3+ 6. bxc3 Ne7 7. Qg4 Qc7 8.
Qxg7 Rg8 9. Qxh7 cxd4 10. Ne2 Nbc6 11. f4 dxc3 12. Qd3 Bd7 13. Qxc3 Nf5 14. Rb1
d4 15. Qd3 Rc8 16. Bd2 Na5 17. Nxd4 Nxd4 18. Qxd4 Bc6 19. Qc5 b6 20. Bxa5 bxa5
21. Rg1 Rd8 22. Bb5 Rc8 23. Bxc6+ Qxc6 24. Qxc6+ Rxc6 25. Rb8+ 1-0

[Event "Gibtelecom Masters"]
[Site "Gibraltar"]
[Date "2007.01.25"]
[Round "3.1"]
[White "Adams, Michael"]
[Black "Greenfeld, Alon"]
[Result "1-0"]
[WhiteElo "2735"]
[BlackElo "2556"]
[PlyCount "116"]
[EventDate "2007.??.??"]

1. e4 e5 2. Nf3 Nc6 3. Bb5 a6 4. Ba4 Nf6 5. O-O Nxe4 6. d4 b5 7. Bb3 d5 8. dxe5
Be6 9. Be3 Be7 10. c3 Nc5 11. Bc2 Nd7 12. Re1 Ndxe5 13. Nxe5 Nxe5 14. Bd4 f6
15. Bxe5 fxe5 16. Qh5+ Bf7 17. Qxe5 Kf8 18. Nd2 Bd6 19. Qe3 Qf6 20. g3 Kg8 21.
Nb3 g6 22. Qh6 Bf8 23. Qh3 Kg7 24. Re3 Bd6 25. Nd4 Rae8 26. Rae1 Rxe3 27. Rxe3
Rf8 28. Qd7 Kg8 29. Rf3 Qe7 30. Qc6 Bc5 31. a4 bxa4 32. Re3 Qd6 33. Qxa4 Qb6
34. b3 Bxd4 35. cxd4 c5 36. dxc5 Qxc5 37. b4 Qb6 38. Rf3 Be6 39. Rxf8+ Kxf8 40.
Bd3 Bc8 41. h4 Qd6 42. Qa1 d4 43. Qa5 Bb7 44. Kf1 Kf7 45. Ke2 Qc6 46. Qa2+ Kf6
47. Qc4 Qf3+ 48. Ke1 Qh1+ 49. Kd2 Qa1 50. Kc2 a5 51. bxa5 Bd5 52. Qc5 Qa2+ 53.
Kc1 Qa1+ 54. Kd2 Ke6 55. Qb6+ Kf7 56. Qc7+ Kf6 57. Qc5 Ke6 58. Bc2 Qa3 1-0

[Event "Gibtelecom Masters"]
[Site "Gibraltar"]
[Date "2007.01.25"]
[Round "3.2"]
[White "Sokolov, Ivan"]
[Black "Rogers, Ian"]
[Result "1-0"]
[WhiteElo "2632"]
[BlackElo "2522"]
[PlyCount "111"]
[EventDate "2007.??.??"]

1. d4 Nf6 2. c4 e6 3. Nc3 d5 4. cxd5 exd5 5. Bg5 Be7 6. e3 c6 7. Qc2 Nbd7 8.
Bd3 O-O 9. Nf3 Re8 10. h3 Nf8 11. O-O Be6 12. Rab1 N6d7 13. Bf4 Nb6 14. b4 a6
15. a4 Bd6 16. Bxd6 Qxd6 17. a5 Nc8 18. Na4 Qe7 19. Nc5 Nd6 20. Rbe1 Rad8 21.
Ne5 f6 22. Nf3 Bc8 23. Nd2 Kh8 24. f3 Nb5 25. Ndb3 Qd6 26. f4 Re7 27. f5 Qg3
28. Qd2 Rde8 29. Rf3 Qh4 30. Bxb5 axb5 31. Qf2 Qxf2+ 32. Kxf2 Rf7 33. g4 g6 34.
e4 gxf5 35. gxf5 dxe4 36. Rxe4 Rd8 37. Ne6 Rd5 38. Nbc5 h6 39. Ke3 Rd6 40. Rg3
Bxe6 41. fxe6 Re7 42. Rf3 Nh7 43. h4 Rd5 44. Kd3 f5 45. Re5 Nf6 46. Rexf5 Rxf5
47. Rxf5 Kg7 48. h5 Nd5 49. Ke4 b6 50. axb6 Nxb6 51. Rf1 Nc4 52. Rg1+ Kh7 53.
Nd7 Rg7 54. Nf6+ Kh8 55. Ra1 Re7 56. Ra8+ 1-0

[Event "Gibtelecom Masters"]
[Site "Gibraltar"]
[Date "2007.01.25"]
[Round "3.3"]
[White "Sutovsky, Emil"]
[Black "Ramesh, RB."]
[Result "0-1"]
[WhiteElo "2629"]
[BlackElo "2483"]
[PlyCount "108"]
[EventDate "2007.??.??"]

1. e4 e5 2. Nf3 Nc6 3. Bb5 a6 4. Ba4 Nf6 5. O-O Be7 6. Re1 b5 7. Bb3 O-O 8. a4
b4 9. d4 d6 10. dxe5 dxe5 11. Qxd8 Rxd8 12. Bg5 Rb8 13. Nbd2 h6 14. Be3 Ng4 15.
Bd5 Bb7 16. Nb3 Nxe3 17. fxe3 Bd6 18. Rad1 g6 19. Nfd2 Kg7 20. Nc4 Re8 21. Rf1
Re7 22. Rf2 Nd8 23. Bxb7 Nxb7 24. Rd5 Re6 25. Rfd2 h5 26. Kf1 f5 27. Nca5 Nxa5
28. Rxa5 Rb6 29. Nc5 Re8 30. Ke2 Rc6 31. Rd5 fxe4 32. h4 Kh6 33. Kf2 Rf8+ 34.
Kg3 Rf1 35. Nxe4 Rc4 36. Nxd6 Rg4+ 37. Kh2 Rxh4+ 38. Kg3 Rg4+ 39. Kh2 cxd6 40.
Rd2 Rh4+ 41. Kg3 Kg5 42. Rxd6 Rg4+ 43. Kh2 Rf2 44. Kh3 Kf5 45. Raxa6 Rfxg2 46.
Rf6+ Ke4 47. Rab6 Kxe3 48. Rxb4 e4 49. a5 Rg1 50. Rb3+ Ke2 51. Kh2 e3 52. a6
R1g2+ 53. Kh1 Rf2 54. Rd6 Rf3 0-1

[Event "Gibtelecom Masters"]
[Site "Gibraltar"]
[Date "2007.01.25"]
[Round "3.5"]
[White "Roiz, Michael"]
[Black "Salgado Allaria, Carlos"]
[Result "1-0"]
[WhiteElo "2605"]
[BlackElo "2288"]
[PlyCount "37"]
[EventDate "2007.??.??"]

1. d4 Nf6 2. c4 e6 3. Nc3 d5 4. Bg5 Nbd7 5. e3 c6 6. cxd5 exd5 7. Bd3 Be7 8.
Nf3 Ne4 9. Bf4 Ndf6 10. Qc2 Nxc3 11. bxc3 Bg4 12. Ne5 Bh5 13. Rb1 Bd6 14. Rxb7
Bxe5 15. Bxe5 Bg6 16. Bxg6 hxg6 17. O-O Qa5 18. Bd6 O-O-O 19. Rfb1 1-0

[Event "Gibtelecom Masters"]
[Site "Gibraltar"]
[Date "2007.01.25"]
[Round "3.6"]
[White "Fogel, Pierre"]
[Black "Akopian, Vladimir"]
[Result "0-1"]
[WhiteElo "2193"]
[BlackElo "2700"]
[PlyCount "40"]
[EventDate "2007.??.??"]

1. d4 Nf6 2. c4 e6 3. Nc3 Bb4 4. g3 c5 5. Nf3 O-O 6. Bg2 Ne4 7. Qd3 cxd4 8.
Nxd4 Nxc3 9. bxc3 Be7 10. O-O d6 11. Rd1 a6 12. Be3 Nd7 13. f4 Qc7 14. Kh1 Nb6
15. Rab1 Nxc4 16. Bg1 Rb8 17. e4 Bd7 18. Bf1 Rfc8 19. Rdc1 Qa5 20. Nb3 Qxa2 0-1

[Event "Gibtelecom Masters"]
[Site "Gibraltar"]
[Date "2007.01.25"]
[Round "3.8"]
[White "Jones, Gawain"]
[Black "Al Modiahki, Mohamed"]
[Result "1/2-1/2"]
[WhiteElo "2509"]
[BlackElo "2556"]
[PlyCount "49"]
[EventDate "2007.??.??"]

1. e4 e6 2. d4 d5 3. Nd2 c5 4. exd5 Qxd5 5. Ngf3 cxd4 6. Bc4 Qd6 7. O-O Nf6 8.
Bb3 Nc6 9. Nc4 Qd8 10. Nce5 Bc5 11. Qe2 O-O 12. Bg5 Qb6 13. Nxc6 bxc6 14. Bxf6
gxf6 15. Qe4 Rd8 16. Qg4+ Kh8 17. Qh4 Be7 18. Rfd1 Rg8 19. Qxd4 Qxd4 20. Nxd4
c5 21. Nc6 Bf8 22. Na5 Be7 23. Nc6 Bf8 24. Na5 Be7 25. Nc6 1/2-1/2

[Event "Gibtelecom Masters"]
[Site "Gibraltar"]
[Date "2007.01.25"]
[Round "3.11"]
[White "Abergel, Thal"]
[Black "Kortschnoj, Viktor"]
[Result "1/2-1/2"]
[WhiteElo "2475"]
[BlackElo "2629"]
[PlyCount "78"]
[EventDate "2007.??.??"]

1. e4 e6 2. d4 d5 3. Nd2 c5 4. Ngf3 Nf6 5. e5 Nfd7 6. c3 Nc6 7. Bd3 Be7 8. O-O
a5 9. Re1 c4 10. Bc2 b5 11. Nf1 Nb6 12. Ng3 h5 13. h4 Bxh4 14. Nxh4 Qxh4 15.
Be3 Kd7 16. Qd2 Qe7 17. Bg5 Qf8 18. Qf4 g6 19. Re3 Ne7 20. Rf3 Nf5 21. Bxf5
exf5 22. e6+ fxe6 23. Qe5 Rg8 24. Ne2 Kc6 25. Nf4 Kb7 26. Re1 Qf7 27. a3 Ra6
28. Qe2 Na8 29. Re3 Nc7 30. Nh3 Qd7 31. Bf4 Ne8 32. Ng5 Nf6 33. Nxe6 Rxe6 34.
Rxe6 Qxe6 35. Qxe6 Bxe6 36. Rxe6 Nd7 37. Re7 Kc6 38. Re6+ Kb7 39. Re7 Kc6
1/2-1/2

[Event "Gibtelecom Masters"]
[Site "Gibraltar"]
[Date "2007.01.25"]
[Round "3.12"]
[White "Tregubov, Pavel"]
[Black "Bellaiche, Anthony"]
[Result "1-0"]
[WhiteElo "2613"]
[BlackElo "2472"]
[PlyCount "113"]
[EventDate "2007.??.??"]

1. d4 Nf6 2. c4 e6 3. Nf3 Bb4+ 4. Bd2 c5 5. Bxb4 cxb4 6. e3 O-O 7. Be2 d6 8.
O-O a5 9. a3 Na6 10. axb4 Nxb4 11. Nc3 b6 12. Ne1 Bb7 13. Nc2 Nxc2 14. Qxc2 Rc8
15. Rfc1 d5 16. b3 Re8 17. Na4 dxc4 18. bxc4 e5 19. Qb2 exd4 20. exd4 Bc6 21.
Bf1 Rb8 22. Rcb1 Qd6 23. h3 Be4 24. Rd1 h6 25. Ra3 Qb4 26. Qa2 Bc2 27. Rc1 Bg6
28. Rb3 Qd6 29. Qb2 Nd7 30. c5 bxc5 31. dxc5 Rxb3 32. Qxb3 Qc7 33. c6 Nf6 34.
Qb7 Re7 35. Nc5 Ne8 36. Rd1 Bf5 37. g4 Bc8 38. Qxc7 Nxc7 39. Ra1 f5 40. gxf5
Bxf5 41. Bg2 Re8 42. Rxa5 Ra8 43. Rxa8+ Nxa8 44. Kf1 Nc7 45. Ke2 Kf7 46. Ke3 g5
47. Kd4 Kf6 48. Bf1 Bc8 49. Ne4+ Ke7 50. Ke5 Be6 51. Nd6 h5 52. Nf5+ Bxf5 53.
Kxf5 Ne6 54. Ke5 Nf4 55. Ba6 Ne6 56. Bc8 Nc7 57. Kf5 1-0

[Event "Gibtelecom Masters"]
[Site "Gibraltar"]
[Date "2007.01.25"]
[Round "3.13"]
[White "Dzagnidze, Nana"]
[Black "Ehlvest, Jaan"]
[Result "0-1"]
[WhiteElo "2463"]
[BlackElo "2610"]
[PlyCount "66"]
[EventDate "2007.??.??"]

1. d4 Nf6 2. c4 c5 3. d5 e5 4. Nc3 d6 5. e4 Be7 6. Nge2 a6 7. Ng3 g6 8. Be2 h5
9. O-O Nbd7 10. f3 h4 11. Nh1 Nh5 12. Nf2 Bg5 13. a3 Bxc1 14. Qxc1 Nf4 15. Nd3
Qg5 16. Nxf4 exf4 17. b4 Qe5 18. Rf2 h3 19. Bd1 hxg2 20. Ba4 Kf8 21. Ne2 b5 22.
cxb5 cxb4 23. Nxf4 g5 24. Nxg2 Qxh2+ 25. Kf1 Qe5 26. Ke2 axb5 27. Bxb5 Nc5 28.
Ra2 b3 29. Rb2 Rxa3 30. Ne3 Rh1 31. Qd2 g4 32. f4 Qxb2 33. Qxb2 Ra2 0-1

[Event "Gibtelecom Masters"]
[Site "Gibraltar"]
[Date "2007.01.25"]
[Round "3.15"]
[White "Rajlich, Iweta"]
[Black "Epishin, Vladimir"]
[Result "0-1"]
[WhiteElo "2428"]
[BlackElo "2561"]
[PlyCount "88"]
[EventDate "2007.??.??"]

1. d4 Nf6 2. c4 d6 3. Nc3 e5 4. Nf3 e4 5. Ng5 Qe7 6. Qc2 Bf5 7. f3 Nc6 8. fxe4
Bg6 9. Nd5 Qd8 10. Be3 Be7 11. g3 O-O 12. Bg2 Ng4 13. Nf3 Nb4 14. Qd2 Nxd5 15.
exd5 Nxe3 16. Qxe3 Re8 17. Qf2 Bf6 18. O-O Re4 19. e3 Qe7 20. Rfe1 Re8 21. h3
Kf8 22. Rac1 Rxe3 23. Rxe3 Qxe3 24. Qxe3 Rxe3 25. c5 Ke7 26. Kf2 Re4 27. Rd1
dxc5 28. dxc5 Rc4 29. Re1+ Kd8 30. c6 bxc6 31. dxc6 Rxc6 32. Ne5 Rc2+ 33. Kg1
Bxe5 34. Rxe5 c5 35. a4 f6 36. Re6 Rxb2 37. Rd6+ Ke7 38. Ra6 c4 39. Rxa7+ Kd6
40. Ra6+ Ke5 41. Ra5+ Kd4 42. Rd5+ Kc3 43. Rb5 Rb4 44. Ra5 Kb2 0-1

[Event "Gibtelecom Masters"]
[Site "Gibraltar"]
[Date "2007.01.25"]
[Round "3.16"]
[White "Sandipan, Chanda"]
[Black "Arakhamia, Ketevan"]
[Result "1-0"]
[WhiteElo "2561"]
[BlackElo "2437"]
[PlyCount "81"]
[EventDate "2007.??.??"]

1. e4 c5 2. Nf3 e6 3. d4 cxd4 4. Nxd4 Nc6 5. Nb5 d6 6. c4 Nf6 7. N1c3 a6 8. Na3
b6 9. Be2 Bb7 10. O-O Ne5 11. f3 Be7 12. Be3 O-O 13. Rc1 Qc7 14. b4 Rac8 15.
Qb3 Ned7 16. Rfd1 Kh8 17. Na4 Rg8 18. Qb2 Qb8 19. b5 a5 20. Nxb6 Nxb6 21. Bxb6
Bxe4 22. Bf2 Ba8 23. c5 Nd7 24. cxd6 Bxd6 25. h3 Rxc1 26. Qxc1 Rc8 27. Qd2 Bd5
28. Qxa5 Bxa3 29. Qxa3 Rc2 30. Bf1 Rxa2 31. Qxa2 Bxa2 32. Rxd7 e5 33. b6 h6 34.
Ba6 e4 35. fxe4 Qf4 36. b7 Kh7 37. Rd8 Qc1+ 38. Kh2 Qc7+ 39. Bg3 Qxd8 40. b8=Q
Qxb8 41. Bxb8 1-0

[Event "Gibtelecom Masters"]
[Site "Gibraltar"]
[Date "2007.01.25"]
[Round "3.17"]
[White "Felgaer, Ruben"]
[Black "Swinkels, Robin"]
[Result "1-0"]
[WhiteElo "2556"]
[BlackElo "2428"]
[PlyCount "119"]
[EventDate "2007.??.??"]

1. e4 e5 2. Nf3 Nc6 3. Bb5 a6 4. Ba4 Nf6 5. O-O b5 6. Bb3 Bc5 7. a4 Rb8 8. c3
d6 9. d4 Bb6 10. axb5 axb5 11. Qd3 exd4 12. cxd4 O-O 13. Bg5 h6 14. Bh4 Bg4 15.
Nbd2 Bh5 16. Qc3 Qe8 17. Bxf6 gxf6 18. Rfc1 Ne7 19. e5 f5 20. exd6 cxd6 21. Re1
Kh7 22. d5 Qd7 23. Nd4 Bc5 24. Qd3 Bg6 25. N2f3 Ng8 26. Nc6 Rb7 27. Bc2 Re8 28.
b4 Bb6 29. Rxe8 Qxe8 30. Re1 Qf8 31. Nh4 Ne7 32. g3 f4 33. Nxg6 Nxg6 34. gxf4
Qg8 35. Qg3 Kh8 36. Kh1 Nf8 37. Qh4 f5 38. Qxh6+ Nh7 39. Ne7 Rxe7 40. Rxe7 Bxf2
41. Rxh7+ Qxh7 42. Qxd6 Qg7 43. Qe5 Bd4 44. Qe8+ Qg8 45. Qh5+ Qh7 46. Qxh7+
Kxh7 47. d6 Kg6 48. d7 Bb6 49. Bd3 Kf6 50. Bxb5 Ke7 51. Bc6 Bc7 52. b5 Kf6 53.
Kg2 Kg6 54. Kf3 Kh5 55. Bd5 Bb6 56. Bf7+ Kh6 57. h4 Kg7 58. Be8 Kf6 59. h5 Kg7
60. Ke2 1-0

[Event "Gibtelecom Masters"]
[Site "Gibraltar"]
[Date "2007.01.25"]
[Round "3.18"]
[White "Kuzubov, Yuriy"]
[Black "Van Beek, Alexander"]
[Result "1-0"]
[WhiteElo "2554"]
[BlackElo "2399"]
[PlyCount "113"]
[EventDate "2007.??.??"]

1. d4 Nf6 2. c4 g6 3. Nc3 d5 4. Nf3 Bg7 5. Bg5 Ne4 6. cxd5 Nxg5 7. Nxg5 e6 8.
Qd2 h6 9. Nh3 exd5 10. Nf4 O-O 11. e3 Re8 12. Be2 c6 13. O-O Bf8 14. Rab1 Bf5
15. Bd3 Bxd3 16. Nxd3 a5 17. a3 Nd7 18. Qc2 Bd6 19. Na4 Nf6 20. Nac5 Qc7 21. h3
Re7 22. Rfc1 Ne4 23. Nxe4 Rxe4 24. b4 axb4 25. axb4 Ree8 26. b5 Rec8 27. Rb3
Ra3 28. Rxa3 Bxa3 29. Ra1 Bd6 30. bxc6 bxc6 31. Qa4 Qb6 32. Qa6 Qxa6 33. Rxa6
Kf8 34. g4 Ke7 35. Kg2 Ke6 36. h4 h5 37. gxh5 gxh5 38. Kf3 Kf5 39. Ra1 f6 40.
Ra7 Rd8 41. Rg7 Rh8 42. Rd7 Ke6 43. Ra7 Kf5 44. Ra6 Rc8 45. Rb6 Ke6 46. Rb7 Rh8
47. Nc1 c5 48. dxc5 Bxc5 49. Ne2 Bd6 50. Nd4+ Ke5 51. Rb6 Re8 52. Rc6 Ba3 53.
Ne2 Rd8 54. Nf4 Rd6 55. Rc8 Rd7 56. Rh8 f5 57. Rh6 1-0

[Event "Gibtelecom Masters"]
[Site "Gibraltar"]
[Date "2007.01.25"]
[Round "3.21"]
[White "Dworakowska, Joanna"]
[Black "Cramling, Pia"]
[Result "0-1"]
[WhiteElo "2376"]
[BlackElo "2530"]
[PlyCount "88"]
[EventDate "2007.??.??"]

1. e4 c5 2. Nf3 a6 3. c3 d5 4. exd5 Qxd5 5. d4 Nf6 6. Be3 cxd4 7. cxd4 g6 8.
Ne5 Bg7 9. Nc3 Qd8 10. Bc4 O-O 11. Qb3 e6 12. a4 Nc6 13. Nxc6 bxc6 14. O-O a5
15. Qc2 Ba6 16. b3 Qd6 17. Qe2 Bxc4 18. bxc4 Rfb8 19. c5 Qc7 20. Qf3 Rb3 21.
Nb5 Qd7 22. Rfb1 Rxb1+ 23. Rxb1 Rb8 24. Bf4 Rb7 25. Rc1 Nd5 26. Bd2 Rb8 27. Qg3
Ra8 28. Nd6 Bxd4 29. h4 e5 30. Nc4 Re8 31. Nd6 Rb8 32. h5 Nf6 33. hxg6 hxg6 34.
Bxa5 Bxc5 35. Qxe5 Bxf2+ 36. Kh1 Ng4 37. Qe2 Be3 38. Rf1 Nf2+ 39. Kg1 Ng4+ 40.
Kh1 Nf2+ 41. Kg1 Bc5 42. Nc4 Qd4 43. Bd2 Ng4+ 44. Kh1 Qh8+ 0-1

[Event "Gibtelecom Masters"]
[Site "Gibraltar"]
[Date "2007.01.25"]
[Round "3.22"]
[White "Sulskis, Sarunas"]
[Black "Ruxton, Keith"]
[Result "1-0"]
[WhiteElo "2525"]
[BlackElo "2282"]
[PlyCount "133"]
[EventDate "2007.??.??"]

1. e4 c5 2. g3 Nc6 3. Bg2 g6 4. d3 Bg7 5. Nc3 d6 6. Nd5 e6 7. Ne3 Nge7 8. h4 h5
9. f4 d5 10. Nf3 dxe4 11. dxe4 Qxd1+ 12. Kxd1 e5 13. Nd5 O-O 14. Nxe5 Nxd5 15.
exd5 Nxe5 16. fxe5 Bg4+ 17. Ke1 Bxe5 18. Kf2 Bd4+ 19. Be3 Bxe3+ 20. Kxe3 Rfe8+
21. Kd3 Re2 22. Bh3 c4+ 23. Kc3 Re3+ 24. Kb4 Bf3 25. Rhe1 Rxe1 26. Rxe1 Bxd5
27. Kc5 Bc6 28. Kxc4 Rd8 29. Re3 Rd2 30. Kc3 Rf2 31. Bc8 Kf8 32. b3 f5 33. Kb2
f4 34. gxf4 Rxf4 35. Rh3 Ke7 36. a4 Kd6 37. a5 a6 38. c4 Ke5 39. Re3+ Kd6 40.
Rg3 Be4 41. Rh3 Bc6 42. Kc3 Rf8 43. Rd3+ Ke5 44. Bd7 Be4 45. Rd2 Rd8 46. b4 Kf4
47. b5 Ke3 48. b6 Bf5 49. Bxf5 Rxd2 50. Bc8 Ra2 51. Bxb7 Rxa5 52. Bd5 Ra1 53.
b7 Rb1 54. c5 Rc1+ 55. Kb4 a5+ 56. Ka3 Rxc5 57. b8=Q Rxd5 58. Qg3+ Ke4 59. Qg2+
Ke5 60. Qxg6 Kf4 61. Kb3 Rf5 62. Kc4 Ke4 63. Qc6+ Kf4 64. Kd4 Kg4 65. Qg6+ Kf4
66. Qg2 a4 67. Qe4+ 1-0

[Event "Gibtelecom Masters"]
[Site "Gibraltar"]
[Date "2007.01.25"]
[Round "3.23"]
[White "Bradford, Joseph"]
[Black "Soraas, Torben"]
[Result "1-0"]
[WhiteElo "2442"]
[BlackElo "2155"]
[PlyCount "63"]
[EventDate "2007.??.??"]

1. Nf3 Nf6 2. c4 c5 3. Nc3 Nc6 4. g3 g6 5. Bg2 Bg7 6. O-O O-O 7. d4 cxd4 8.
Nxd4 Nxd4 9. Qxd4 d6 10. Qd3 a6 11. Bd2 Bf5 12. e4 Be6 13. b3 Nd7 14. Rac1 Nc5
15. Qe2 b5 16. Nd5 bxc4 17. Rxc4 Bd7 18. a4 Nxb3 19. Bg5 f6 20. Be3 Rb8 21. Qa2
e6 22. Bb6 Rxb6 23. Nxb6 Qxb6 24. Rb1 Rb8 25. Rc3 Qa5 26. Rcxb3 Rxb3 27. Qxb3
Qxa4 28. Qb8+ Bf8 29. Qd8 Bb5 30. Qxf6 Qa2 31. Rc1 Bc4 32. Bf1 1-0

[Event "Gibtelecom Masters"]
[Site "Gibraltar"]
[Date "2007.01.25"]
[Round "3.24"]
[White "Harika, Dronavalli"]
[Black "Dekker, Alain"]
[Result "1-0"]
[WhiteElo "2421"]
[BlackElo "2144"]
[PlyCount "77"]
[EventDate "2007.??.??"]

1. d4 f5 2. g3 Nf6 3. Bg2 e6 4. Nf3 Be7 5. O-O O-O 6. c4 d6 7. Nc3 Qe8 8. Re1
Qg6 9. b3 Ne4 10. Bb2 a5 11. Nd2 Nf6 12. Nf3 Ne4 13. e3 Nd7 14. Nxe4 fxe4 15.
Nd2 d5 16. f3 exf3 17. Nxf3 c6 18. Qe2 Bb4 19. Rf1 Bd6 20. Nh4 Qe8 21. e4 dxc4
22. bxc4 Rxf1+ 23. Rxf1 Be7 24. Nf3 b5 25. Kh1 Nb6 26. cxb5 cxb5 27. d5 Nc4 28.
Bd4 Ra6 29. Nd2 exd5 30. exd5 Nxd2 31. Qxd2 b4 32. Re1 Qf7 33. Qe2 Bf6 34. Bc5
Bb7 35. Qe8+ Qxe8 36. Rxe8+ Kf7 37. Rb8 Bxd5 38. Bxd5+ Kg6 39. Kg2 1-0

[Event "Gibtelecom Masters"]
[Site "Gibraltar"]
[Date "2007.01.25"]
[Round "3.25"]
[White "Kristjansson, Stefan"]
[Black "Vinas Guerrero, Carlos"]
[Result "1-0"]
[WhiteElo "2485"]
[BlackElo "2124"]
[PlyCount "59"]
[EventDate "2007.??.??"]

1. e4 c5 2. c3 d5 3. exd5 Qxd5 4. d4 Nf6 5. Nf3 Bg4 6. dxc5 Qxd1+ 7. Kxd1 e5 8.
b4 e4 9. h3 Bh5 10. g4 Nxg4 11. hxg4 Bxg4 12. Nbd2 exf3 13. Bd3 Nc6 14. Re1+
Be7 15. Kc2 Kd7 16. Nc4 Bf6 17. Bf4 Rae8 18. Rad1 Be6 19. Nd6 Rb8 20. b5 Ne7
21. Nxb7 Rxb7 22. c6+ Kc8 23. cxb7+ Kxb7 24. Be4+ Kc8 25. Bxf3 Ng6 26. Bg3 Be7
27. Bd5 Bf5+ 28. Kb3 Rf8 29. Rd4 Bd7 30. Bb7+ 1-0

[Event "Gibtelecom Masters"]
[Site "Gibraltar"]
[Date "2007.01.25"]
[Round "3.26"]
[White "Dawson, Jeff"]
[Black "Spraggett, Kevin"]
[Result "0-1"]
[WhiteElo "2027"]
[BlackElo "2633"]
[PlyCount "94"]
[EventDate "2007.??.??"]

1. e4 c5 2. d3 Nc6 3. Nc3 e6 4. g3 g6 5. Bg2 Bg7 6. f4 Nge7 7. Nf3 d5 8. O-O d4
9. Nb1 e5 10. Nxe5 Nxe5 11. fxe5 Nc6 12. Nd2 Nxe5 13. h3 h6 14. Nf3 Nc6 15. Nh2
Be6 16. Ng4 h5 17. Nf2 Be5 18. Bf4 g5 19. Bxe5 Nxe5 20. Qd2 Qe7 21. c3 Rd8 22.
b4 cxb4 23. cxb4 h4 24. g4 O-O 25. Rfc1 f6 26. a3 Qd6 27. Rc5 b6 28. Rc2 Rc8
29. Rxc8 Rxc8 30. Rc1 Kf7 31. Rxc8 Bxc8 32. Qc2 Bd7 33. Qb3+ Be6 34. Qc2 Ke7
35. Kf1 Bd7 36. Kg1 Ng6 37. e5 Qxe5 38. Ne4 Nf4 39. Bf1 Nd5 40. Qc4 Nc3 41.
Nxc3 dxc3 42. d4 Qe3+ 43. Kh1 Qd2 44. Bd3 Qe1+ 45. Kh2 Qg3+ 46. Kh1 Be6 47. d5
Qxh3+ 0-1

[Event "Gibtelecom Masters"]
[Site "Gibraltar"]
[Date "2007.01.25"]
[Round "3.27"]
[White "Ramaswamy, Aarthie"]
[Black "Georgiev, Kiril"]
[Result "0-1"]
[WhiteElo "2224"]
[BlackElo "2661"]
[PlyCount "37"]
[EventDate "2007.??.??"]

1. e4 g6 2. d4 Bg7 3. Nc3 d6 4. Be3 a6 5. Qd2 b5 6. Bd3 Nd7 7. Nce2 c5 8. c3
Bb7 9. Ng3 Ngf6 10. h3 h5 11. d5 c4 12. Bc2 Nc5 13. f3 Qc7 14. N1e2 e5 15. b4
cxb3 16. axb3 O-O 17. Bh6 Ncd7 18. O-O Rfe8 19. f4 0-1

[Event "Gibtelecom Masters"]
[Site "Gibraltar"]
[Date "2007.01.25"]
[Round "3.31"]
[White "Carlsson, Pontus"]
[Black "Dunn, Andrew"]
[Result "1-0"]
[WhiteElo "2492"]
[BlackElo "2190"]
[PlyCount "63"]
[EventDate "2007.??.??"]

1. e4 c6 2. d4 d5 3. e5 c5 4. c4 Nc6 5. Nf3 cxd4 6. Nxd4 dxc4 7. Nxc6 Qxd1+ 8.
Kxd1 bxc6 9. Bxc4 Bf5 10. Nc3 e6 11. Be3 Bb4 12. Rc1 Ne7 13. Ke2 Bxc3 14. Rxc3
Nd5 15. Bxd5 exd5 16. Rxc6 O-O 17. Rhc1 Rfb8 18. Bd4 Rb4 19. Ke3 a5 20. h3 h5
21. f3 Be6 22. g4 hxg4 23. hxg4 Rc4 24. R6xc4 dxc4 25. Rg1 a4 26. a3 Kf8 27. f4
g6 28. f5 Bd7 29. Rh1 Re8 30. Kf4 Ke7 31. Bc5+ Kd8 32. Rh7 1-0

[Event "Gibtelecom Masters"]
[Site "Gibraltar"]
[Date "2007.01.25"]
[Round "3.32"]
[White "Tscharotschkin, Michael"]
[Black "Caruana, Fabiano"]
[Result "1/2-1/2"]
[WhiteElo "2197"]
[BlackElo "2492"]
[PlyCount "159"]
[EventDate "2007.??.??"]

1. e4 e6 2. Nf3 d5 3. exd5 exd5 4. d4 Bd6 5. c4 c6 6. Nc3 Ne7 7. Bd3 dxc4 8.
Bxc4 O-O 9. O-O Nd7 10. Ng5 h6 11. Nge4 Nb6 12. Bb3 Bc7 13. Be3 Bf5 14. Qd2
Nbd5 15. Nxd5 Nxd5 16. Ng3 Be6 17. Bc2 f5 18. f4 Qd6 19. Kh1 Rae8 20. Rae1 g6
21. Bb3 Nf6 22. Qc3 Bxb3 23. Qxb3+ Nd5 24. Bg1 b6 25. Ne2 Kg7 26. g3 Bd8 27.
Nc3 Nc7 28. Qd1 Bf6 29. Qf3 Rd8 30. Re2 Rfe8 31. Rfe1 Rxe2 32. Rxe2 Ne6 33. d5
cxd5 34. Qxd5 Qxd5+ 35. Nxd5 Rxd5 36. Rxe6 Ra5 37. Rc6 Rxa2 38. Rc7+ Kf8 39. b4
Be7 40. b5 Kf7 41. Bd4 Ke6 42. Be5 Bc5 43. Rc6+ Kd5 44. Rxg6 Ke4 45. g4 fxg4
46. Rxg4 Rc2 47. Rg7 Ra2 48. Rg3 h5 49. Rh3 Rd2 50. Rb3 h4 51. h3 Be3 52. Bf6
Bf2 53. Bg5 Bg3 54. Kg1 Ra2 55. Rb4+ Kf5 56. Rc4 Rb2 57. Ra4 Rxb5 58. Rxa7 Rb2
59. Rh7 Ke4 60. Bxh4 Bxf4 61. Bf6 Rc2 62. Rd7 Be3+ 63. Kh1 Kf3 64. Rd3 Ke4 65.
Rb3 Rc6 66. Bd8 Rd6 67. Be7 Re6 68. Bd8 Kd5 69. Kg2 Kc4 70. Rxe3 Rxe3 71. Bxb6
Rb3 72. Bd8 Kd5 73. Bg5 Ke4 74. Bc1 Rc3 75. Bh6 Rc6 76. Bg5 Rg6 77. h4 Ra6 78.
Kg3 Kf5 79. Be3 Ra3 80. Kf3 1/2-1/2